[Event "Novosibirsk Region-ch Seniors"]
[Site "Novosibirsk"]
[Date "2009.02.??"]
[Round "5"]
[White "Okladnikov, Gennady"]
[Black "Pisarsky, Georgy"]
[Result "0-1"]
[WhiteElo "2194"]
[BlackElo "2106"]
[PlyCount "86"]
[EventDate "2009.02.??"]
[EventType "swiss"]
[EventRounds "9"]
[EventCountry "RUS"]
[SourceTitle "EXT 2012"]
[Source "ChessBase"]
[SourceDate "2011.11.24"]
[SourceVersion "1"]
[SourceVersionDate "2011.11.24"]
[SourceQuality "1"]

1. e4 e6 2. d4 d5 3. e5 c5 4. c3 Nc6 5. Nf3 Qb6 6. a3 cxd4 7. cxd4 Bd7 8. Nc3 Rc8 9. Na4 Qc7 10. Bd3 b5 11. Nc3 a6 12. 0-0 f5 13. Re1 Nge7 14. h4 g6 15. Bxb5 axb5 16. Nxb5 Qb6 17. Nd6+ Kd8 18. Nf7+ Ke8 19. Nd6+ Kd8 20. b4 Ra8 21. Nf7+ Ke8 22. Nxh8 Bg7 23. Nxg6 hxg6 24. Be3 Nd8 25. h5 Nf7 26. Ng5 Ba4 27. Qd2 Nxg5 28. Bxg5 gxh5 29. Bf6 Bf8 30. Rac1 Bb5 31. Qg5 Bc4 32. Ra1 Kd7 33. Red1 Nc6 34. Qxh5 Be7 35. Bxe7 Nxe7 36. a4 Rg8 37. b5 Qd8 38. a5 Rh8 39. Qg5 Rg8 40. Qd2 Qe8 41. f3 Qh5 42. Qf4 Ng6 43. Qh2 Nh4 0-1

[Event "Dimitrovgrad-ch"]
[Site "Dimitrovgrad"]
[Date "2009.??.??"]
[Round "1"]
[White "Mukharyamov, Sergei"]
[Black "Okladnikov, Gennady"]
[Result "0-1"]
[WhiteElo "1970"]
[BlackElo "2190"]
[PlyCount "52"]
[EventDate "2009.08.??"]
[EventType "swiss"]
[EventRounds "9"]
[EventCountry "RUS"]
[SourceTitle "EXT 2012"]
[Source "ChessBase"]
[SourceDate "2011.11.24"]
[SourceVersion "1"]
[SourceVersionDate "2011.11.24"]
[SourceQuality "1"]

1. d4 g6 2. e4 d6 3. Be3 Bg7 4. f3 c6 5. Qd2 Nd7 6. c4 e5 7. Nc3 Ngf6 8. c5 exd4 9. Qxd4 dxc5 10. Qd6 Qe7 11. e5 Qxe5 12. Qxe5+ Nxe5 13. Bxc5 Be6 14. 0-0-0 Ned7 15. Bd6 Nb6 16. Nh3 Bxh3 17. gxh3 0-0-0 18. h4 Nfd5 19. Ne4 f5 20. Bh3 Nc4 21. Ba3 Nf4 22. Ng5 Ne2+ 23. Kb1 Nxa3+ 24. Ka1 Rxd1+ 25. Rxd1 Nc4 26. Re1 Re8 0-1

[Event "Dimitrovgrad-ch"]
[Site "Dimitrovgrad"]
[Date "2009.??.??"]
[Round "7"]
[White "Yakushev, Nikolai"]
[Black "Okladnikov, Gennady"]
[Result "1-0"]
[WhiteElo "2200"]
[BlackElo "2190"]
[PlyCount "87"]
[EventDate "2009.08.??"]
[EventType "swiss"]
[EventRounds "9"]
[EventCountry "RUS"]
[SourceTitle "EXT 2012"]
[Source "ChessBase"]
[SourceDate "2011.11.24"]
[SourceVersion "1"]
[SourceVersionDate "2011.11.24"]
[SourceQuality "1"]

1. d4 g6 2. e4 Bg7 3. Ne2 d6 4. c4 Nf6 5. f3 0-0 6. Nbc3 e5 7. d5 c6 8. Be3 a5 9. Qd2 Na6 10. dxc6 bxc6 11. 0-0-0 d5 12. cxd5 cxd5 13. Nxd5 Nxd5 14. Qxd5 Qc7+ 15. Nc3 Be6 16. Qd6 Qb7 17. Qb6 Qc8 18. Kb1 Bf6 19. Bb5 Bd8 20. Qc6 Nc7 21. Bc4 Bxc4 22. Qxc4 Be7 23. Nd5 Nxd5 24. Qxd5 Qb8 25. Rd3 a4 26. Rhd1 Rd8 27. Qc6 Rc8 28. Qb6 Qxb6 29. Bxb6 f5 30. Rd5 Bf6 31. Rc5 Rxc5 32. Bxc5 Rc8 33. Rd5 fxe4 34. fxe4 Kf7 35. b3 h5 36. Kb2 axb3 37. axb3 Be7 38. Bxe7 Kxe7 39. Rxe5+ Kd6 40. Rg5 Re8 41. Rxg6+ Kc5 42. Kc3 Rxe4 43. b4+ Kb5 44. Rg5+ 1-0

[Event "Novosibirsk Region-ch final"]
[Site "Novosibirsk"]
[Date "2008.12.06"]
[Round "2"]
[White "Okladnikov, Gennady"]
[Black "Bublei, Pavel"]
[Result "0-1"]
[WhiteElo "2159"]
[BlackElo "2152"]
[PlyCount "110"]
[EventDate "2008.12.05"]
[EventType "swiss"]
[EventRounds "9"]
[EventCountry "RUS"]
[SourceTitle "EXT 2010"]
[Source "ChessBase"]
[SourceDate "2010.11.25"]
[SourceVersion "1"]
[SourceVersionDate "2010.11.25"]
[SourceQuality "1"]

1. e4 c6 2. d4 d5 3. Nc3 dxe4 4. Nxe4 Bf5 5. Ng3 Bg6 6. h4 h6 7. Bc4 Nf6 8. N1e2 e6 9. Nf4 Bh7 10. 0-0 Bd6 11. Re1 0-0 12. c3 Nbd7 13. Ngh5 Nxh5 14. Qxh5 Nf6 15. Qf3 Nd5 16. Bxd5 exd5 17. Qg4 Qc8 18. Qxc8 Raxc8 19. Bd2 Rce8 20. f3 Bf5 21. Kf2 Rxe1 22. Rxe1 g5 23. hxg5 hxg5 24. Nh5 f6 25. g4 Bd7 26. Ng3 Kf7 27. Nh5 Kg6 28. Ng3 Rh8 29. Kg2 b6 30. Be3 a5 31. a3 a4 32. Bd2 c5 33. Be3 c4 34. Bd2 f5 35. gxf5+ Bxf5 36. Rh1 Rh4 37. Re1 Bh3+ 38. Kf2 Bd7 39. Kg2 Rh3 40. Nf1 Rh8 41. Ng3 Bh3+ 42. Kf2 Rf8 43. Ne2 Bg4 44. Ng1 Bf5 45. Ne2 Be4 46. Ng1 g4 47. f4 Rh8 48. Ne2 Rh2+ 49. Ke3 Rh3+ 50. Kf2 Rf3+ 51. Kg1 Rd3 52. Bc1 g3 53. Nxg3 Rxg3+ 54. Kh2 Rg4 55. Rf1 Kf5 0-1

[Event "Novosibirsk Region-ch sf"]
[Site "Novosibirsk"]
[Date "2008.10.26"]
[Round "9"]
[White "Shakirov, Alexander"]
[Black "Okladnikov, Gennady"]
[Result "0-1"]
[WhiteElo "2023"]
[BlackElo "2159"]
[PlyCount "80"]
[EventDate "2008.10.18"]
[EventType "swiss"]
[EventRounds "9"]
[EventCountry "RUS"]
[SourceTitle "EXT 2022"]
[Source "ChessBase"]
[SourceDate "2021.10.06"]
[SourceVersion "1"]
[SourceVersionDate "2021.10.06"]
[SourceQuality "1"]

1. c4 g6 2. g3 Bg7 3. Bg2 d6 4. Nc3 c6 5. e4 e5 6. Nge2 f5 7. d3 Nf6 8. 0-0 0-0 9. h3 Kh8 10. Be3 Na6 11. d4 fxe4 12. dxe5 dxe5 13. Kh2 Bf5 14. Qxd8 Rfxd8 15. g4 Be6 16. b3 Nb4 17. Rac1 Nd3 18. Rc2 Nb4 19. Rb2 Kg8 20. Nxe4 Nxe4 21. Bxe4 a5 22. a3 Na6 23. Rc1 Bf8 24. c5 Nc7 25. Nc3 Nd5 26. Nxd5 Bxd5 27. Bg2 b5 28. Bg5 Re8 29. Rd2 e4 30. Re2 Kf7 31. b4 axb4 32. axb4 Ra4 33. Rb1 Bg7 34. Rc2 Be5+ 35. Kg1 h5 36. Bd2 hxg4 37. hxg4 Rh8 38. Kf1 Rh4 39. g5 Bc4+ 40. Ke1 Bd3 0-1

[Event "Novosibirsk Region-ch sf"]
[Site "Novosibirsk"]
[Date "2008.10.22"]
[Round "5"]
[White "Okladnikov, Gennady"]
[Black "Sukhanov, Dmitry"]
[Result "1-0"]
[WhiteElo "2159"]
[BlackElo "2132"]
[PlyCount "91"]
[EventDate "2008.10.18"]
[EventType "swiss"]
[EventRounds "9"]
[EventCountry "RUS"]
[SourceTitle "EXT 2022"]
[Source "ChessBase"]
[SourceDate "2021.10.06"]
[SourceVersion "1"]
[SourceVersionDate "2021.10.06"]
[SourceQuality "1"]

1. e4 e5 2. Nf3 Nc6 3. d4 exd4 4. c3 d3 5. Bxd3 d6 6. Bc4 Be7 7. Qb3 Na5 8. Bxf7+ Kf8 9. Qa4 Kxf7 10. Qxa5 Nf6 11. Ng5+ Kg8 12. Qa4 h6 13. Nf3 Bd7 14. Qc2 Bc6 15. Nbd2 Qe8 16. 0-0 Qg6 17. Re1 Re8 18. Nd4 Bd7 19. N2f3 Bd8 20. e5 Qxc2 21. Nxc2 dxe5 22. Nxe5 Bf5 23. Nd4 Be4 24. Bf4 g5 25. Bg3 Kg7 26. f3 Bh7 27. Nc4 Bd3 28. Ne5 Bh7 29. Rad1 c6 30. Nc4 Bb6 31. Nd6 Bxd4+ 32. cxd4 Rxe1+ 33. Rxe1 Kg6 34. Re7 Bg8 35. Rxb7 Rh7 36. Rxh7 Kxh7 37. a3 Kg6 38. Kf2 Nd7 39. Nc8 Kf6 40. Nxa7 c5 41. Ke3 Kf5 42. Nc6 Bc4 43. Bc7 Bf1 44. g4+ Ke6 45. dxc5 Nxc5 46. Nd4+ 1-0